El sistema lacustre de las Hoyas (Record no. 180091)

MARC details
000 -LEADER
campo de control de longitud fija 01241nam a2200277 i 4500
001 - NÚMERO DE CONTROL
campo de control 180091
003 - IDENTIFICADOR DE NÚMERO DE CONTROL
campo de control ES-MaACL
005 - FECHA Y HORA DE LA ÚLTIMA TRANSACCIÓN
campo de control 20230928114938.0
008 - DATOS DE LONGITUD FIJA--INFORMACIÓN GENERAL
campo de control de longitud fija 120416s1995 sp abeo |||| | spa d
020 ## - NÚMERO INTERNACIONAL ESTÁNDAR DEL LIBRO
Número Internacional Estándar del Libro 84-87319-99-8
080 ## - NÚMERO DE LA CLASIFICACIÓN DECIMAL UNIVERSAL
Número de la Clasificación Decimal Universal 551.763(460:234 Cuenca)
080 ## - NÚMERO DE LA CLASIFICACIÓN DECIMAL UNIVERSAL
Número de la Clasificación Decimal Universal 551.312.48.051(460:234 Cuenca)"6153"
100 1# - ENTRADA PRINCIPAL--NOMBRE DE PERSONA
Nombre de persona Fregenal Martínez, María Antonia.
9 (RLIN) 149781
245 13 - MENCIÓN DEL TÍTULO
Título El sistema lacustre de las Hoyas
Resto del título : (Cretácico inferior, Serranía de Cuenca) : estratigrafía y sedimentología /
Mención de responsabilidad, etc. María Antonia Fregenal Martínez.
260 ## - PUBLICACIÓN, DISTRIBUCIÓN, ETC.
Lugar de publicación, distribución, etc. Cuenca :
Nombre del editor, distribuidor, etc. Diputación de Cuenca, Área de Cultura,
Fecha de publicación, distribución, etc. [1995]
300 ## - DESCRIPCIÓN FÍSICA
Extensión 181 p., [1] h. pleg. mapa :
Otras características físicas il. col. y n. fot., ;
Dimensiones 26 cm.
490 1# - MENCIÓN DE SERIE
Mención de serie Paleontología ;
Designación de volumen o secuencia 1
502 ## - NOTA DE TESIS
Nota de tesis Tesis - Departamento de Estratigrafía de la Facultad de Ciencias Geológicas (UCM), centro coordinado con el Instituto de Geológica Económica (C.S.I.C.)
504 ## - NOTA DE BIBLIOGRAFÍA, ETC.
Nota de bibliografía, etc. Bibliografía: p. 175-181.
650 #7 - PUNTO DE ACCESO ADICIONAL DE MATERIA--TÉRMINO DE MATERIA
Término de materia o nombre geográfico como elemento de entrada Geología-
Subdivisión geográfica Cuenca (Provincia)
9 (RLIN) 149780
710 1# - ENTRADA AGREGADA--NOMBRE DE ENTIDAD CORPORATIVA
Nombre de entidad corporativa o nombre de jurisdicción como elemento de entrada Cuenca (Provincia).
Unidad subordinada Diputación Provincial.
9 (RLIN) 3346
830 0# - PUNTO DE ACCESO ADICIONAL DE SERIE-TÍTULO UNIFORME
Título uniforme Paleontología ;
Designación de volumen o secuencia 1
9 (RLIN) 224593
852 ## - LOCALIZACIÓN
Ubicación ES-MaACL
Número de control de estantería A-12048
itemnumber 187001
Sublocalización o colección R.146871
Ubicación en estantería Depósito 1
Signatura antigua Olim: N-5053
942 ## - ELEMENTOS DE ENTRADA SECUNDARIOS (KOHA)
Fuente del sistema de clasificación o colocación Clasificación decimal universal
Holdings
Estatus retirado Estado de pérdida Fuente del sistema de clasificación o colocación Estado de daño No para préstamo Biblioteca de origen Biblioteca actual Ubicación en estantería Fecha de adquisición Fuente de adquisición Total de préstamos Signatura topográfica completa Código de barras Visto por última vez Precio de reemplazo Tipo de ítem Koha
    Clasificación decimal universal     Biblioteca del Ateneo de Madrid Biblioteca del Ateneo de Madrid Depósito 1 16/04/2012 Donación   A-12048 1189226 23/02/2023 23/02/2023 Libro impreso